Welcome to WEB OPAC of MRSPTU Central Library

Business Mathematics (Record no. 5027)

MARC details
000 -LEADER
fixed length control field 00425nam a2200181Ia 4500
008 - FIXED-LENGTH DATA ELEMENTS--GENERAL INFORMATION
fixed length control field 230711s9999||||xx |||||||||||||| ||und||
020 ## - INTERNATIONAL STANDARD BOOK NUMBER
International Standard Book Number 81-8054-538-5
041 ## - LANGUAGE CODE
Language code of text/sound track or separate title ENG
082 ## - DEWEY DECIMAL CLASSIFICATION NUMBER
Classification number 658.015
Item number SA-B
100 ## - MAIN ENTRY--PERSONAL NAME
Personal name Sancheti,D.C
245 #0 - TITLE STATEMENT
Title Business Mathematics
250 ## - EDITION STATEMENT
Edition statement 11th Ed.
260 ## - PUBLICATION, DISTRIBUTION, ETC.
Date of publication, distribution, etc. 2010
Place of publication, distribution, etc. New Delhi
Name of publisher, distributor, etc. Sultan Chand & Sons
300 ## - PHYSICAL DESCRIPTION
Extent 1193
650 ## - SUBJECT ADDED ENTRY--TOPICAL TERM
Topical term or geographic name entry element Mathematics
700 ## - ADDED ENTRY--PERSONAL NAME
Personal name Kapoor V K
942 ## - ADDED ENTRY ELEMENTS (KOHA)
Koha item type Book
Holdings
Withdrawn status Lost status Damaged status Not for loan Collection Home library Current library Date acquired Total checkouts Full call number Barcode Date last seen Date last checked out Price effective from Koha item type Date due
          MRSPTU Central Library MRSPTU Central Library   1 658.015 SA-B 18705 02/20/2024 12/05/2023 08/17/2023 Book  
          MRSPTU Central Library MRSPTU Central Library   2 658.015 SA-B 18706 12/20/2024 12/04/2024 08/17/2023 Book  
          MRSPTU Central Library MRSPTU Central Library     658.015 SA-B 19132 08/17/2023   08/17/2023 Book  
          MRSPTU Central Library MRSPTU Central Library   2 658.015 SA-B 20498 10/18/2024 09/23/2024 08/17/2023 Book  
          MRSPTU Central Library MRSPTU Central Library   3 658.015 SA-B 20499 08/27/2024 08/23/2024 08/17/2023 Book  
          MRSPTU Central Library MRSPTU Central Library   1 658.015 SA-B 20500 09/11/2024 09/11/2024 08/17/2023 Book 10/04/2024

Website Designed and Developed by MRSPTU Central Library Team

E-mail Id: librarian@mrsptu.ac.in